000 00767cad a22002055a 4500
001 E155021
008 120220e20120220xxk s000 0 eng d
035 _a(Sirsi) u155021
041 0 _aeng
110 2 _aScotland
_bScottish Government
_95344
245 0 0 _aRural communities land boost
_h[electronic resource]
260 _c2012
490 _aScottish Government News Release
_v20 February 2012
520 _aAnnounces the creation of a £6m Scottish Land Fund which has been created to assist rural communities in acquiring land.
590 _aKA
651 4 _aScotland
_y1999-
690 _aRural
_96268
856 4 0 _uhttps://www.scotland.gov.uk/News/Releases/2012/02/landfund20022012
_zView the news release free of charge at www.scotland.gov.uk
942 _n0
999 _c83782
_d83782